[Event "Havana Province-ch sf (Women)"]
[Site "Havana"]
[Date "2009.09.26"]
[Round "8"]
[White "Cordero Suarez, Greisy"]
[Black "Batista Terrero, Sonia Rosa"]
[Result "1-0"]
[WhiteElo "1986"]
[BlackElo "1886"]
[PlyCount "61"]
[EventDate "2009.09.19"]
[EventType "swiss"]
[EventRounds "9"]
[EventCountry "CUB"]
[EventCategory "1"]
[SourceTitle "EXT 2012"]
[Source "ChessBase"]
[SourceDate "2011.11.24"]
[SourceVersion "1"]
[SourceVersionDate "2011.11.24"]
[SourceQuality "1"]

1. e4 e5 2. Nf3 Nc6 3. Bc4 Bc5 4. c3 Nf6 5. d3 h6 6. Nbd2 d6 7. Nf1 d5 8. exd5 Nxd5 9. Qb3 Nf4 10. Bxf4 exf4 11. Bxf7+ Kf8 12. Bg6 Qe7+ 13. Be4 Bf5 14. N1d2 Bb6 15. 0-0 Be6 16. Qc2 g5 17. Bxc6 bxc6 18. Ne5 Qe8 19. d4 Kg7 20. Rfe1 Rf8 21. Ndc4 Bd5 22. Nxb6 axb6 23. c4 Be6 24. d5 Bd7 25. Nxc6 Qh5 26. Re7+ Rf7 27. Rxf7+ Qxf7 28. Ne5 Qe7 29. Qg6+ Kf8 30. Qxh6+ Kg8 31. Nxd7 1-0

[Event "Havana Province-ch sf (Women)"]
[Site "Havana"]
[Date "2009.09.20"]
[Round "2"]
[White "Batista Terrero, Sonia Rosa"]
[Black "Rodriguez Perez, Roxalia"]
[Result "0-1"]
[WhiteElo "1886"]
[BlackElo "1994"]
[PlyCount "120"]
[EventDate "2009.09.19"]
[EventType "swiss"]
[EventRounds "9"]
[EventCountry "CUB"]
[EventCategory "1"]
[SourceTitle "EXT 2012"]
[Source "ChessBase"]
[SourceDate "2011.11.24"]
[SourceVersion "1"]
[SourceVersionDate "2011.11.24"]
[SourceQuality "1"]

1. e4 c5 2. f4 d6 3. Nf3 g6 4. d3 Bg7 5. c3 Nc6 6. h3 e6 7. Be3 Nge7 8. g4 Bd7 9. Nbd2 Qc7 10. h4 h6 11. h5 0-0-0 12. Be2 e5 13. f5 g5 14. 0-0 f6 15. a3 Kb8 16. b4 cxb4 17. axb4 Nc8 18. Qa4 Nd4 19. Qd1 Nxe2+ 20. Qxe2 b6 21. Ra3 Bc6 22. Rfa1 Bf8 23. Qf2 Rd7 24. b5 Bxb5 25. Bxb6 Qxb6 26. d4 Rb7 27. Rb3 Qc7 28. d5 Qc5 29. Rab1 Qxf2+ 30. Kxf2 Ba6 31. Rxb7+ Bxb7 32. Nc4 Ka8 33. Na5 Nb6 34. Nd2 Rh7 35. Rb2 Rc7 36. Rb3 Rc5 37. Ra3 Kb8 38. Ke3 Be7 39. Kd3 Bd8 40. Kc2 Nd7 41. Nac4 Bc7 42. Kd3 Rb5 43. Ke3 Nc5 44. Ra1 a5 45. Na3 Rb6 46. Ndc4 Ra6 47. Nb5 a4 48. Ra3 Bc8 49. Ra1 Bd7 50. Nba3 Ka7 51. Nc2 Ba5 52. Nxa5 Rxa5 53. Nb4 Kb6 54. Rb1 Kc7 55. Ra1 Bb5 56. Ra3 Nb3 57. Nc2 Kb6 58. Nb4 Kc5 59. Nc6 Bxc6 60. dxc6 Kxc6 0-1